Many Roads to Justice : (Record no. 4797)
[ view plain ]
| 000 -LEADER | |
|---|---|
| fixed length control field | 00983nam a22002537a 4500 |
| 003 - CONTROL NUMBER IDENTIFIER | |
| control field | OSt |
| 005 - DATE AND TIME OF LATEST TRANSACTION | |
| control field | 20170709111850.0 |
| 008 - FIXED-LENGTH DATA ELEMENTS--GENERAL INFORMATION | |
| fixed length control field | 170709b xxu||||| |||| 00| 0 eng d |
| 020 ## - INTERNATIONAL STANDARD BOOK NUMBER | |
| International Standard Book Number | 0916584542 |
| 040 ## - CATALOGING SOURCE | |
| Original cataloging agency | LDCLIB |
| Transcribing agency | LDCLIB |
| 082 04 - DEWEY DECIMAL CLASSIFICATION NUMBER | |
| Classification number | 340.11 |
| Edition number | 22 |
| Item number | MAN |
| 245 00 - TITLE STATEMENT | |
| Title | Many Roads to Justice : |
| Remainder of title | the law-related work of Ford Foundation grantees around the world / |
| Statement of responsibility, etc | edited by Mary McClymont and Stephen Golub. |
| 260 ## - PUBLICATION, DISTRIBUTION, ETC. (IMPRINT) | |
| Place of publication, distribution, etc | New York : |
| Name of publisher, distributor, etc | Ford Foundation, |
| Date of publication, distribution, etc | c2000. |
| 300 ## - PHYSICAL DESCRIPTION | |
| Extent | x, 361 p. ; |
| Dimensions | 23 cm. |
| 500 ## - GENERAL NOTE | |
| General note | Includes index. |
| 610 20 - SUBJECT ADDED ENTRY--CORPORATE NAME | |
| Corporate name or jurisdiction name as entry element | Ford Foundation. |
| 9 (RLIN) | 5762 |
| 650 #0 - SUBJECT ADDED ENTRY--TOPICAL TERM | |
| Topical term or geographic name as entry element | Public interest law. |
| 9 (RLIN) | 5763 |
| 650 #0 - SUBJECT ADDED ENTRY--TOPICAL TERM | |
| Topical term or geographic name as entry element | Human rights. |
| 9 (RLIN) | 259 |
| 700 1# - ADDED ENTRY--PERSONAL NAME | |
| Personal name | McClymont, Mary. |
| 9 (RLIN) | 5764 |
| 700 1# - ADDED ENTRY--PERSONAL NAME | |
| Personal name | Golub, Stephen. |
| 9 (RLIN) | 5765 |
| 710 2# - ADDED ENTRY--CORPORATE NAME | |
| Corporate name or jurisdiction name as entry element | Ford Foundation. |
| 9 (RLIN) | 5766 |
| 942 ## - ADDED ENTRY ELEMENTS (KOHA) | |
| Source of classification or shelving scheme | Dewey Decimal Classification |
| Koha item type | Books |
| Withdrawn status | Lost status | Source of classification or shelving scheme | Damaged status | Not for loan | Home library | Current library | Shelving location | Date acquired | Total Checkouts | Full call number | Barcode | Date last seen | Price effective from | Koha item type |
|---|---|---|---|---|---|---|---|---|---|---|---|---|---|---|
| Dewey Decimal Classification | Law Development Centre Main Library | Law Development Centre Main Library | Text Books and Laws | 01/06/2012 | 340.11 MAN | 017/2000 | 01/06/2012 | 01/06/2012 | Books |
